00767nam a22001937a 4500999001900000005001700019010001500036020002600051035001400077037001300091082001200104100002800116245014800144260003600292270007000328300002500398942002600423952012400449 c169420d16942020191119152803.0 aENG-126926 c920.00a9789389137262 aEN-110458 bDBAD/PUB a327.540 aVerma, Shanta Nedungadi aUS strategy and India interest, policy and media :cby Shanta Nedngadi Varmaba study with special reference to India's territorial conflicts / aNew DelhibKW Publishers c2020 a4676/21, First Floor, Ansari Road, Daryaganj, e110002bNew Delhi axxxi,428p.c23cm(Hb) 2ddccENh327.540mVAR 001040708NFICaZLSbZLSd2019-11-19eDBAD/PUBg920.00l0o327.540 VARpEN-110458r2019-11-19 00:00:00t1v920.00yEN